Manual práctico de medidas eléctricas y de ensayos de máquinas

Kaydedildi:
Detaylı Bibliyografya
Yazar: Lafosse, M (Yazar)
Materyal Türü: Kitap
Dil:İspanyolca
Baskı/Yayın Bilgisi: Bilbao Urmo 1965
Konular:
Etiketler: Etiketle
Etiket eklenmemiş, İlk siz ekleyin!

MARC

LEADER 00000nam a2200000 a 4500
001 UCU5206
003 CL-VaPUC
008 960531e19650000SP |||||||||||||||||spa|d
082 0 4 |a 621.302  |b LAF  |2 21 
100 0 |a Lafosse, M  |e author  |9 363099 
245 1 0 |a Manual práctico de medidas eléctricas y de ensayos de máquinas 
300 |a 245 p 
942 |c BK 
945 |d 19960531 00:00:00  |a lriquelm 
260 |a Bilbao  |b Urmo  |c 1965 
650 7 |a INSTRUMENTOS DE MEDIDAS ELECTRICAS  |2 CL-VaPUC  |9 356874 
650 7 |a TECNOLOGIA ELECTRICA  |2 CL-VaPUC  |9 336952 
650 0 |a Motores eléctricos   |9 260085 
650 0 |a Alternadores  |9 361232 
650 0 |a Corrientes eléctricas   |9 354960 
650 7 |a CORRIENTES ALTERNAS  |2 CL-VaPUC  |9 263344 
583 |a last modification  |c 19960531 00:00:00  |k Rodrigo Vera 
999 |c 248646  |d 248644 
952 |0 0  |1 0  |4 0  |6 621_302000000000000_LAF_1965  |7 0  |8 A  |9 265429  |a BIBING  |b BIBING  |d 2019-11-19  |i 166932K  |o 621.302 LAF 1965  |p 166932K  |r 2025-01-20  |w 2019-11-19  |y BK  |k EIE